<?xml version="1.0" encoding="UTF-8"?>
<record
    xmlns:xsi="http://www.w3.org/2001/XMLSchema-instance"
    xsi:schemaLocation="http://www.loc.gov/MARC21/slim http://www.loc.gov/standards/marcxml/schema/MARC21slim.xsd"
    xmlns="http://www.loc.gov/MARC21/slim">

  <leader>01002nam a2200205 a 4500</leader>
  <controlfield tag="008">011117e1996    ag  |||g |||| 000 1 spa d</controlfield>
  <datafield tag="020" ind1=" " ind2=" ">
    <subfield code="a">9505460716</subfield>
  </datafield>
  <datafield tag="041" ind1=" " ind2=" ">
    <subfield code="a">spa</subfield>
  </datafield>
  <datafield tag="092" ind1=" " ind2=" ">
    <subfield code="c">808</subfield>
    <subfield code="l">51</subfield>
    <subfield code="s">MEN</subfield>
  </datafield>
  <datafield tag="100" ind1="1" ind2=" ">
    <subfield code="a">Menapace, Mamerto</subfield>
    <subfield code="9">4139</subfield>
  </datafield>
  <datafield tag="245" ind1="3" ind2=" ">
    <subfield code="a">La sal de la tierra /</subfield>
    <subfield code="c">Mamerto Menapace</subfield>
  </datafield>
  <datafield tag="250" ind1=" " ind2=" ">
    <subfield code="a">12a ed.</subfield>
  </datafield>
  <datafield tag="260" ind1=" " ind2=" ">
    <subfield code="a">Buenos Aires:</subfield>
    <subfield code="b">Patria Grande;</subfield>
    <subfield code="c">1996.</subfield>
  </datafield>
  <datafield tag="300" ind1=" " ind2=" ">
    <subfield code="a">124 p.</subfield>
  </datafield>
  <datafield tag="500" ind1=" " ind2=" ">
    <subfield code="a">Menapace, M. (1996). La sal de la tierra. (12a ed.). Buenos Aires : Patria Grande.</subfield>
  </datafield>
  <datafield tag="520" ind1=" " ind2=" ">
    <subfield code="a">Cada uno de los cuentos , sucedidos y reflexiones de este libro nos recuerdan que nuestra vida esconde un sentido que necesita ser encontrado.
Debemos descubrir el sabor de la tierra y de las peque&#xF1;as grandes realidades que en ella se afirman, 
Mamerto Menapace, monje benedictino, hombre de campo y poeta, ha sabido gustar esa sal y nos la ayuda a saborear en p&#xE0;ginas de singular belleza.</subfield>
  </datafield>
  <datafield tag="590" ind1=" " ind2=" ">
    <subfield code="a">Donaci&#xF3;n. Proyecto Literatura 4to libro</subfield>
  </datafield>
  <datafield tag="655" ind1=" " ind2=" ">
    <subfield code="a">Literatura</subfield>
    <subfield code="9">2917</subfield>
  </datafield>
  <datafield tag="942" ind1=" " ind2=" ">
    <subfield code="2">ddc</subfield>
    <subfield code="c">LIT</subfield>
  </datafield>
  <datafield tag="999" ind1=" " ind2=" ">
    <subfield code="c">3101</subfield>
    <subfield code="d">3101</subfield>
  </datafield>
  <datafield tag="952" ind1=" " ind2=" ">
    <subfield code="0">0</subfield>
    <subfield code="1">0</subfield>
    <subfield code="2">ddc</subfield>
    <subfield code="4">0</subfield>
    <subfield code="7">0</subfield>
    <subfield code="a">BFM</subfield>
    <subfield code="b">BFM</subfield>
    <subfield code="c">CR</subfield>
    <subfield code="d">2021-03-15</subfield>
    <subfield code="e">Donaci&#xF3;n Constanzo, Juan Carlos. Marzo 2021</subfield>
    <subfield code="l">0</subfield>
    <subfield code="o">808 51 MEN</subfield>
    <subfield code="p">4656</subfield>
    <subfield code="r">2021-03-15</subfield>
    <subfield code="t">Ej. 1</subfield>
    <subfield code="w">2021-03-15</subfield>
    <subfield code="y">LIT</subfield>
    <subfield code="z">Donaci&#xF3;n Constanzo, Juan Carlos. Marzo 2021</subfield>
  </datafield>
</record>
